| 000 | 01574cam a22004214i 4500 | ||
|---|---|---|---|
| 003 | PE-LiUPU | ||
| 005 | 20250731173219.0 | ||
| 008 | 150625s1955 ug r 000 0 sps d | ||
| 035 | _a(Sirsi) a33427 | ||
| 040 |
_aPE-LiUPU _bspa _cPE-LiUPU _erda |
||
| 082 | 0 | 4 |
_a296.09 _bN59 _221 |
| 100 | 1 |
_aNin y Silva Celedonio, _eautor. |
|
| 245 | 1 | 4 | _aLos profetas exilios, postexilicos postexilicos y nacimiento de judaismo. |
| 264 | 1 |
_aUruguay : _bcolombino hnos, _c1955. |
|
| 300 |
_a607 páginas ; _c20 centímetros |
||
| 336 |
_atext _2rdacontent |
||
| 337 |
_aunmediated _2rdamedia |
||
| 338 |
_avolume _2rdacarrier |
||
| 504 | _aBibliografía : páginas 577. | ||
| 504 | _andice : páginas 576. | ||
| 505 | 0 | _aEl profeta Ezequiel y su visión inicial -- los actos simbolicos de ezequiel -- la visión de la idolatría en el templo y páginas -- La alegoría de Ezequiel sobre las infidelidades. | |
| 526 | _aSEG42 | ||
| 526 | _aSEG41 | ||
| 526 | _aSEG40 | ||
| 526 | _aSEG39 | ||
| 526 | _aP94 | ||
| 526 | _aP87 | ||
| 526 | _aP86 | ||
| 526 | _aP85 | ||
| 526 | _aP77 | ||
| 526 | _aP76 | ||
| 526 | _aP35 | ||
| 942 |
_2ddc _cBOOK |
||
| 949 |
_a296.09 N59 _wDEWEY _c1 _i14414 _lCCODEBUL1 _mBUL _p00.00 _r0 _sY _tBOOK _u2015-06-25 _xBIBLIOTECA _zUNKNOWN _0COMPRA _o.STAFF. Colección Teología |
||
| 596 | _a1 | ||
| 999 |
_a296.09 N59 _wDEWEY _c41173 _i14414 _d41173 _e2017-10-16 _f2021-11-12 _g5 _lCCODEBUL1 _mBUL _n1 _p20.00 _q1 _r0 _sY _tBOOK _u2015-6-25 _xTEOLOGIA _PP35 _0COMPRA _o.STAFF. Colección Teología |
||
| 980 |
_81 _gALBERTO SANCHEZ Responsable de Automatización |
||